Grandes figuras historicas / (Record no. 6512)

000 -CABECERA
fixed length control field 01305nam a22002417a 4500
003 - IDENTIFICADOR DEL NÚMERO DE CONTROL
control field AR-CdUCM
008 - DATOS DE LONGITUD FIJA--INFORMACIÓN GENERAL
fixed length control field 190318b ||||| |||| 00| 0 spa d
040 ## - FUENTE DE LA CATALOGACIÓN
Agencia/entidad que catalogó originalmente la obra MUNICIPALIDAD PROVINCIAL DEL CUSCO
Entidad que transcribió la catalogación BIBLIOTECA MUNICIPAL DEL CUSCO
082 ## - NÚMERO DE LA CLASIFICACIÓN DECIMAL DEWEY
No. de Clasificación 086.920 /
Notacion interna C79
110 ## - ENTRADA PRINCIPAL--NOMBRE DE ENTIDAD CORPORATIVA
Nombre de la institución, jurisdicción como entrada principal Biografías Candesa
9 (RLIN) 18672
245 ## - MENCIÓN DE TÍTULO
Título Grandes figuras historicas /
260 ## - PUBLICACIÓN, DISTRIBUCIÓN, ETC.
Lugar de publicación, distribución, etc. México :
Nombre de la editorial, distribuidor, etc. Grijalbo,
Fecha de publicación, distribución, etc. 1959.
300 ## - DESCRIPCIÓN FÍSICA
Nº de Páginas Extensión 12 tomos ;
Dimensiones 21 cm.
440 ## - MENCIÓN DE SERIE/PUNTO DE ACCESO ADICIONAL--TÍTULO
Título Grandes Figuras Historicas
9 (RLIN) 18328
505 ## - NOTA DE CONTENIDO CON FORMATO
Nota de contenido formateada Contenido : t.1.- Grandes figuras de la historia (Leopold Von Ranke) -- t.2.- Alejandro El Grande (León Homo) -- t.3.- Nerón (Gérard Walter) -- t.4.- Juana de Arco, su personalidad. Su papel histórico (Jacques Cordier) -- t.5.- Maria Estuardo (Paule Henry-Bordeaux) -- t.6.- Horacio Nelson. Un estudio del almirante (Renalt Capes) -- t.7.- Soliman El Magnífico sultan del este -- t.8.- Julio Cesar (Gérard Walter) -- t.9.- Anibal de Cartago (Mary Dolan) -- t.10.- Pericles. Una experiencia de democracia dirigida (León Homo) -- t.11.- Carlomagno. La leyenda y el hombre (Harold Lamb) -- t.12.- Maria Antonieta (Gérard Walter).
650 ## - PUNTO DE ACCESO ADICIONAL DE MATERIA--TÉRMINO DE MATERIA
Descriptor Birografias
9 (RLIN) 18431
650 ## - PUNTO DE ACCESO ADICIONAL DE MATERIA--TÉRMINO DE MATERIA
Descriptor Mujeres
9 (RLIN) 3760
650 ## - PUNTO DE ACCESO ADICIONAL DE MATERIA--TÉRMINO DE MATERIA
Descriptor Historia
9 (RLIN) 44044
650 ## - PUNTO DE ACCESO ADICIONAL DE MATERIA--TÉRMINO DE MATERIA
Descriptor Hombres
9 (RLIN) 982
942 ## - ELEMENTOS DE PUNTO DE ACCESO ADICIONAL (KOHA)
Fuente de clasificación
Tipo de item Libros-BMC
945 ## - PROCESAMIENTO DE INFORMACIÓN LOCAL (OCLC)
Catalogador rjall
Holdings
Estado de retiro (separado) Fuente de clasificación o esquema de estanterías Estado dañado Ubicación Sala donde se ubica Nombre de la colección Fecha de adquisición o compra Signatura topográfica Código de Barras Última vez visto (Koha) Tipo de ítem (Koha)
No     Sala Humanidades Sala Humanidades Book Cart 2019-10-23 086.920 / C79 / t.1 SH0000007345 2019-10-23 Libros-BMC
No     Sala Humanidades Sala Humanidades Book Cart 2019-10-23 086.920 / C79 / t.2 SH0000007335 2019-10-23 Libros-BMC
No     Sala Humanidades Sala Humanidades Book Cart 2019-10-23 086.920 / C79 / t.3 SH0000007336 2019-10-23 Libros-BMC
No     Sala Humanidades Sala Humanidades Book Cart 2019-10-23 086.920 / C79 / t.4 SH0000007342 2019-10-23 Libros-BMC
No     Sala Humanidades Sala Humanidades Book Cart 2019-10-23 086.920 / C79 / t.5 SH0000007347 2019-10-23 Libros-BMC
No     Sala Humanidades Sala Humanidades Book Cart 2019-10-23 086.920 / C79 / t.6 SH0000007344 2019-10-23 Libros-BMC
No     Sala Humanidades Sala Humanidades Book Cart 2019-10-23 086.920 / C79 / t.7 SH0000007343 2019-10-23 Libros-BMC
No     Sala Humanidades Sala Humanidades Book Cart 2019-10-23 086.920 / C79 / t.8 SH0000007339 2019-10-23 Libros-BMC
No     Sala Humanidades Sala Humanidades Book Cart 2019-10-23 086.920 / C79 / t.9 SH0000007346 2019-10-23 Libros-BMC
No     Sala Humanidades Sala Humanidades Book Cart 2019-10-23 086.920 / C79 / t.10 SH0000007337 2019-10-23 Libros-BMC
No     Sala Humanidades Sala Humanidades Book Cart 2019-10-23 086.920 / C79 / t.11 SH0000007341 2019-10-23 Libros-BMC
No     Sala Humanidades Sala Humanidades Book Cart 2019-10-23 086.920 / C79 / t.12 SH0000007340 2019-10-23 Libros-BMC

Powered by Koha